[Event "FRA-ch Youth 2017"]
[Site "Belfort"]
[Date "2017.04.17"]
[Round "2"]
[White "Joly, Audrey"]
[Black "Aubert, Laurane"]
[Result "1-0"]
[WhiteElo "1747"]
[BlackElo "1998"]
[Annotator "NA RC"]
[PlyCount "97"]
[EventDate "2017.??.??"]
[EventCountry "FRA"]
[SourceTitle "playchess.com"]
[Source "ChessBase"]
[SourceQuality "1"]
[TimeControl "5400+30"]

1. e4 {[%emt 0:00:16]} c5 {[%emt 0:00:05]} 2. Nc3 {[%emt 0:01:04]} Nc6 {[%emt 0:00:05]} 3. Bb5 {[%emt 0:00:19]} Nd4 {[%emt 0:00:07]} 4. Bc4 {[%emt 0:00:10]} e6 {[%emt 0:00:07]} 5. f4 {[%emt 0:01:38] B23: Closed Sicilian: Lines without g3} (5. Nf3 Nf6 6. O-O a6 7. Bb3 d6 8. d3 Nxb3 9. axb3 Be7 10. d4 cxd4 11. Qxd4 O-O 12. Rd1 e5 13. Qd3 h6 14. Nd2 b5 {½-½ (58) Inarkiev,E (2730)-Gelfand,B (2734) Magas 2016}) 5... a6 {[%emt 0:10:27]} 6. a4 {[%emt 0:02:59]} Ne7 {[%emt 0:04:55]} 7. e5 {[%emt 0:05:10]} d5 $146 {[%emt 0:02:02]} (7... Rb8 8. Ne4 Nec6 9. c3 Nf5 10. Nf3 d5 11. exd6 Nxd6 12. Nxd6+ Bxd6 {0-1 (54) Stuhr,P (1918)-Brokso,K (1713) Helsingor 2016}) 8. exd6 {[%emt 0:01:17]} Nef5 {[%emt 0:07:23]} 9. Nf3 {[%emt 0:05:03]} Bxd6 {[%emt 0:01:42]} 10. d3 {[%emt 0:01:57]} Qc7 {[%emt 0:05:32]} 11. Nxd4 {[%emt 0:08:26]} cxd4 {[%emt 0:02:39]} 12. Ne2 {[%emt 0:00:52]} Qc6 {[%emt 0:12:15]} 13. O-O {[%emt 0:03:44]} Rb8 {[%emt 0:02:03]} 14. Qe1 {[%emt 0:02:47]} b5 {[%emt 0:04:34]} 15. axb5 {[%emt 0:02:50]} axb5 {[%emt 0:00:05]} 16. Bb3 {[%emt 0:00:20]} O-O {[%emt 0:00:41]} 17. Ng3 {[%emt 0:05:21]} Bb7 {[%emt 0:05:06]} 18. Rf2 {[%emt 0:11:54]} Nh4 {[%emt 0:05:07]} 19. Qf1 {[%emt 0:02:04]} Kh8 {[%emt 0:08:16]} 20. Ne4 {[%emt 0:03:37]} Bc7 {[%emt 0:02:59]} 21. Bd2 {[%emt 0:02:19]} Nf5 {[%emt 0:04:48]} 22. Kh1 {[%emt 0:03:45]} Ne7 {[%emt 0:03:02]} 23. Qe1 {[%emt 0:03:35]} Nd5 {[%emt 0:01:39]} 24. Qe2 {[%emt 0:02:23]} Rbe8 {[%emt 0:09:46]} 25. Qf3 {[%emt 0:04:17]} Ba8 {[%emt 0:03:11]} 26. Qh3 {[%emt 0:00:54]} Kg8 {[%emt 0:01:27]} 27. Ng5 {[%emt 0:01:17]} h6 {[%emt 0:00:17]} 28. Ne4 {[%emt 0:00:07]} f5 {[%emt 0:00:55]} 29. Ng3 {[%emt 0:01:07]} Ne3 {[%emt 0:02:14]} 30. Rc1 {[%emt 0:02:26]} Ng4 {[%emt 0:00:39]} 31. Re2 {[%emt 0:00:31]} Rf6 {[%emt 0:00:53] [#]} 32. Nxf5 $1 {[%emt 0:00:51]} Rxf5 {[%emt 0:00:50]} 33. Qxg4 $18 {[%emt 0:00:13]} Kh8 {[%emt 0:00:34]} 34. Rce1 {[%emt 0:02:01]} Rf6 {[%emt 0:00:33]} 35. Qh4 {[%emt 0:04:44]} Bb7 {[%emt 0:00:30]} 36. f5 {[%emt 0:01:48]} Rxf5 {[%emt 0:00:24]} 37. Bxh6 {[%emt 0:02:08]} Kg8 {[%emt 0:00:35]} 38. Qg4 {[%emt 0:00:36]} Rf7 {[%emt 0:00:32]} 39. Bxe6 {[%emt 0:00:26]} Rxe6 {[%emt 0:00:25]} 40. Rxe6 {[%emt 0:00:13]} Qd5 {[%emt 0:00:34]} 41. Re8+ {[%emt 0:00:49]} Kh7 {[%emt 0:00:15]} 42. Bd2 {[%emt 0:01:54]} Rf5 {[%emt 0:00:42]} 43. R8e7 {[%emt 0:01:30]} Rf7 {[%emt 0:00:30]} 44. Qh3+ {[%emt 0:01:03]} Kg8 {[%emt 0:00:23]} 45. Re8+ {[%emt 0:00:26]} Rf8 {[%emt 0:00:05]} 46. Rxf8+ {[%emt 0:00:24]} Kxf8 {[%emt 0:00:05]} 47. Qh8+ {[%emt 0:00:22]} Kf7 {[%emt 0:00:16]} 48. Qe8+ {[%emt 0:00:53]} Kf6 {[%emt 0:00:05]} 49. Rf1+ {[%emt 0:00:19]} 1-0

[Event "FRA-ch Youth 2017"]
[Site "Belfort"]
[Date "2017.04.17"]
[Round "2"]
[White "Mata, Maria"]
[Black "Retailleau, Elise"]
[Result "0-1"]
[WhiteElo "1717"]
[BlackElo "1946"]
[Annotator "NA RC"]
[PlyCount "64"]
[EventDate "2017.??.??"]
[EventCountry "FRA"]
[SourceTitle "playchess.com"]
[Source "ChessBase"]
[SourceQuality "1"]
[TimeControl "5400+30"]

1. e4 {[%emt 0:00:00]} c5 {[%emt 0:00:15]} 2. Nc3 {[%emt 0:00:00]} Nc6 {[%emt 0:00:37]} 3. f4 {[%emt 0:00:14]} g6 {[%emt 0:01:25]} 4. Nf3 {[%emt 0:00:09]} Bg7 {[%emt 0:00:04]} 5. a3 {[%emt 0:03:11]} e6 {[%emt 0:07:59]} 6. b4 {[%emt 0:08:05]} b6 {[%emt 0:09:25]} 7. g3 {[%emt 0:06:09]} Nge7 {[%emt 0:03:21]} 8. Rb1 {[%emt 0:03:38]} O-O {[%emt 0:04:13]} 9. Bg2 {[%emt 0:09:56]} d6 {[%emt 0:06:56]} 10. e5 {[%emt 0:04:15]} Rb8 {[%emt 0:10:20]} 11. bxc5 {[%emt 0:05:44]} (11. exd6 $15 Qxd6 12. Bb2) 11... dxe5 {[%emt 0:02:35]} ({Much weaker is} 11... dxc5 12. Ne4 $11) 12. Nxe5 {[%emt 0:18:08]} Nxe5 {[%emt 0:05:53]} ({Of course not} 12... Bxe5 $6 13. fxe5 Ba6 14. Ne4 $15) 13. fxe5 {[%emt 0:00:09]} Bxe5 {[%emt 0:01:17]} (13... Ba6 $17 14. Ne4 (14. d4 $2 bxc5 15. Rxb8 Qxb8 $19) 14... bxc5 15. Rxb8 Qxb8) 14. Ne4 $17 {[%emt 0:04:24]} (14. Qe2 $15 Bxc3 15. dxc3) 14... f5 {[%emt 0:09:36]} 15. Nd6 {[%emt 0:02:23]} Ba6 {[%emt 0:02:37]} 16. d4 {[%emt 0:03:07]} Bg7 {[%emt 0:07:09]} 17. Bf4 {[%emt 0:04:38]} Nd5 {[%emt 0:07:45]} 18. Bxd5 {[%emt 0:04:57]} exd5 {[%emt 0:00:25]} 19. c6 {[%emt 0:01:25]} g5 {[%emt 0:03:09]} 20. Be5 {[%emt 0:03:54]} Qe7 {[%emt 0:00:57]} 21. Nb5 {[%emt 0:06:03]} Bxe5 {[%emt 0:02:13]} 22. dxe5 {[%emt 0:00:10]} Qxe5+ {[%emt 0:00:08]} 23. Qe2 {[%emt 0:02:07]} Qf6 {[%emt 0:00:53]} 24. O-O {[%emt 0:00:55]} Qxc6 {[%emt 0:01:40]} 25. Qd3 {[%emt 0:05:06]} Qc5+ {[%emt 0:02:29]} 26. Kg2 {[%emt 0:00:27]} d4 {[%emt 0:01:08]} 27. a4 {[%emt 0:02:02]} Bb7+ {[%emt 0:01:08]} 28. Kf2 {[%emt 0:01:04]} Be4 {[%emt 0:03:16]} 29. Qxd4 {[%emt 0:01:24]} Qxc2+ {[%emt 0:00:32]} 30. Ke3 {[%emt 0:00:19]} Rbe8 {[%emt 0:00:59]} 31. Nd6 {[%emt 0:00:48]} Bd3+ {[%emt 0:00:13]} 32. Nxe8 {[%emt 0:00:11]} Qe2# 0-1

[Event "FRA-ch Youth 2017"]
[Site "Belfort"]
[Date "2017.04.17"]
[Round "2"]
[White "Yousfi, Adem"]
[Black "Mathieu, Phileas"]
[Result "1/2-1/2"]
[WhiteElo "1632"]
[BlackElo "2030"]
[Annotator "NA RC"]
[PlyCount "161"]
[EventDate "2017.??.??"]
[EventCountry "FRA"]
[SourceTitle "playchess.com"]
[Source "ChessBase"]
[SourceQuality "1"]
[TimeControl "5400+30"]

1. e4 {[%emt 0:00:00]} e6 {[%emt 0:00:00]} 2. d4 {[%emt 0:00:40]} d5 {[%emt 0:00:01]} 3. Nd2 {[%emt 0:01:00]} Nf6 {[%emt 0:00:00]} 4. e5 {[%emt 0:00:37]} Nfd7 {[%emt 0:00:01]} 5. Bd3 {[%emt 0:01:18]} c5 {[%emt 0:00:01]} 6. c3 {[%emt 0:00:48]} Nc6 {[%emt 0:00:01]} 7. Ne2 {[%emt 0:00:53]} cxd4 {[%emt 0:00:01]} 8. cxd4 {[%emt 0:01:10]} f6 {[%emt 0:00:16]} 9. exf6 {[%emt 0:01:16]} Nxf6 {[%emt 0:00:04]} 10. Nf3 {[%emt 0:01:09]} Bd6 {[%emt 0:00:55]} 11. O-O {[%emt 0:01:36]} O-O {[%emt 0:01:03]} 12. Bg5 {[%emt 0:01:54]} Qc7 {[%emt 0:02:49]} 13. Bh4 {[%emt 0:02:22]} Bd7 {[%emt 0:03:38]} 14. Bg3 {[%emt 0:00:54]} Be8 {[%emt 0:16:03] C06: French Tarrasch: 3...Nf6 4 e5 Nfd7 5 Bd3 main lines} 15. Bxd6 {[%emt 0:12:40]} Qxd6 {[%emt 0:00:28]} 16. Ng3 {[%emt 0:00:25]} Qf4 $146 {[%emt 0:29:55]} (16... h6 17. Bc2 Rc8 18. Rc1 Qb4 19. Qe2 Bf7 20. a3 Qb6 21. Rcd1 Na5 22. Ne5 {½-½ (38) Balogh,C (2617)-Dgebuadze,A (2510) Dresden 2007}) 17. Re1 {[%emt 0:05:18]} Bf7 {[%emt 0:06:56]} 18. Qc1 {[%emt 0:15:37]} Qd6 {[%emt 0:03:24]} 19. Qd2 {[%emt 0:05:59]} Rae8 {[%emt 0:05:01]} 20. Ne5 {[%emt 0:04:47]} Nxd4 {[%emt 0:08:29]} 21. Bxh7+ {[%emt 0:01:27]} Kxh7 {[%emt 0:01:20]} 22. Qxd4 {[%emt 0:00:27]} Nd7 {[%emt 0:02:56]} 23. Rad1 {[%emt 0:10:39]} Nxe5 {[%emt 0:00:31]} 24. Rxe5 {[%emt 0:03:47]} b6 {[%emt 0:02:31]} 25. Ne4 {[%emt 0:00:36]} Qc6 {[%emt 0:03:10]} 26. Ng5+ {[%emt 0:05:00]} Kg8 {[%emt 0:00:01]} 27. Qd3 {[%emt 0:00:39]} g6 {[%emt 0:00:58]} 28. Qh3 {[%emt 0:00:07]} Kg7 {[%emt 0:00:46]} 29. Qh7+ {[%emt 0:07:56]} Kf6 {[%emt 0:00:02]} 30. Rde1 {[%emt 0:00:18]} Bg8 {[%emt 0:10:25]} 31. Qh8+ {[%emt 0:01:58]} Ke7 {[%emt 0:00:24]} 32. Qg7+ {[%emt 0:00:30]} Kd8 {[%emt 0:01:32]} 33. Qxg6 {[%emt 0:01:16]} Qc5 {[%emt 0:00:42]} 34. Nf3 {[%emt 0:01:15]} Bf7 {[%emt 0:00:49]} 35. Qg5+ {[%emt 0:00:35]} Kd7 {[%emt 0:00:44]} 36. Qe3 {[%emt 0:00:45]} Qd6 {[%emt 0:00:41]} 37. Nd4 {[%emt 0:01:14]} a6 {[%emt 0:00:49]} 38. Rc1 {[%emt 0:02:08]} Rc8 {[%emt 0:00:21]} 39. Re1 {[%emt 0:00:37]} Rfe8 {[%emt 0:00:18]} 40. Qf3 {[%emt 0:00:45]} Bg8 {[%emt 0:01:05]} 41. Qh5 {[%emt 0:00:54]} Qf8 {[%emt 0:00:33]} 42. Qe2 {[%emt 0:00:33]} Qf6 {[%emt 0:00:59]} 43. Qxa6 {[%emt 0:00:43]} Qxe5 {[%emt 0:00:13]} 44. Qb5+ {[%emt 0:02:03]} Kd8 {[%emt 0:00:42]} 45. Rxe5 {[%emt 0:01:29]} Rc1+ {[%emt 0:00:00]} 46. Qf1 {[%emt 0:00:25]} Rxf1+ {[%emt 0:00:01]} 47. Kxf1 {[%emt 0:00:03]} Kd7 {[%emt 0:00:30]} 48. h4 {[%emt 0:00:45]} Kd6 {[%emt 0:00:50]} 49. f4 {[%emt 0:00:34]} Rc8 {[%emt 0:00:27]} 50. Re1 {[%emt 0:01:04]} Rc4 {[%emt 0:00:38]} 51. Rd1 {[%emt 0:00:57]} Bf7 {[%emt 0:00:58]} 52. g4 {[%emt 0:01:00]} e5 {[%emt 0:00:43]} 53. fxe5+ {[%emt 0:00:51]} Kxe5 {[%emt 0:00:06]} 54. Nf3+ {[%emt 0:00:25]} Kf4 {[%emt 0:00:29]} 55. Ng5 {[%emt 0:01:09]} Bg8 {[%emt 0:00:29]} 56. b3 {[%emt 0:00:26]} Rb4 $2 {[%emt 0:00:40]} (56... Rc2 $14) 57. a3 $2 {[%emt 0:00:50]} (57. Kf2 $18) 57... Rxb3 {[%emt 0:00:01]} 58. Rd4+ {[%emt 0:00:08]} Ke3 {[%emt 0:01:01]} 59. Rd1 {[%emt 0:00:41]} d4 {[%emt 0:00:40]} 60. Re1+ {[%emt 0:00:40]} Kd2 $2 {[%emt 0:00:30]} (60... Kf4 $11) 61. Ne4+ {[%emt 0:00:25]} Kd3 {[%emt 0:00:35]} 62. Nf2+ {[%emt 0:00:21]} Kc3 {[%emt 0:00:36]} 63. Rc1+ {[%emt 0:01:03]} ({White should play} 63. h5 $16) 63... Kd2 {[%emt 0:00:17]} 64. Rd1+ {[%emt 0:00:27]} Ke3 {[%emt 0:00:25]} 65. Re1+ {[%emt 0:00:28]} Kf3 {[%emt 0:00:16]} 66. Ne4 {[%emt 0:00:26]} (66. Rd1 $15) 66... Bc4+ {[%emt 0:01:00]} ({Stronger than} 66... Kxg4 67. Nf6+ Kxh4 68. Nxg8 $11) ({Don't play} 66... Rxa3 67. Nd2+ Kg3 68. h5 $17) 67. Kg1 {[%emt 0:00:15]} Rb2 {[%emt 0:00:22]} 68. h5 $2 {[%emt 0:01:13]} (68. Ng5+ Kxg4 69. Ne4) 68... Rg2+ {[%emt 0:00:27]} 69. Kh1 {[%emt 0:00:15]} Ra2 $2 {[%emt 0:00:37]} ({Better is} 69... Rxg4 $19 70. Rc1 Bd5 71. Rf1+ Kxe4) 70. h6 {[%emt 0:00:36]} Rxa3 $2 {[%emt 0:00:35] [#]} (70... Bg8 $11 {and Black has nothing to worry.}) 71. Nd2+ $2 {[%emt 0:00:10]} (71. h7 $1 $18 {[%cal Rh7h8]} Ra8 72. g5 (72. Nd2+ Kxg4 73. Nxc4 Rh8 $16)) 71... Kxg4 {[%emt 0:00:15]} 72. Nxc4 {[%emt 0:00:14]} Rh3+ {[%emt 0:00:07]} 73. Kg1 {[%emt 0:00:10]} Rxh6 {[%emt 0:00:15]} 74. Re4+ {[%emt 0:00:14]} Kf3 {[%emt 0:00:29]} 75. Rxd4 {[%emt 0:00:50]} Rg6+ {[%emt 0:00:22]} 76. Kh2 {[%emt 0:01:42]} Rg5 {[%emt 0:01:08]} 77. Nxb6 {[%emt 0:00:59]} Rh5+ {[%emt 0:00:13]} 78. Kg1 {[%emt 0:00:04]} Rg5+ {[%emt 0:00:10]} 79. Kf1 {[%emt 0:00:13]} Rb5 {[%emt 0:00:23]} 80. Rd3+ {[%emt 0:00:33]} Ke4 {[%emt 0:00:30]} 81. Rd6 $14 {[%emt 0:00:34]} 1/2-1/2

[Event "FRA-ch Youth 2017"]
[Site "Belfort"]
[Date "2017.04.17"]
[Round "2"]
[White "Ducos, Antoine"]
[Black "Papadiamandis, Elliot"]
[Result "1/2-1/2"]
[WhiteElo "1615"]
[BlackElo "1944"]
[Annotator "NA RC"]
[PlyCount "165"]
[EventDate "2017.??.??"]
[EventCountry "FRA"]
[SourceTitle "playchess.com"]
[Source "ChessBase"]
[SourceQuality "1"]
[TimeControl "5400+30"]

1. e4 {[%emt 0:00:05]} c5 {[%emt 0:00:20]} 2. Nf3 {[%emt 0:00:37]} d6 {[%emt 0:00:31]} 3. d4 {[%emt 0:00:42]} cxd4 {[%emt 0:00:39]} 4. Nxd4 {[%emt 0:00:08]} Nf6 {[%emt 0:00:20]} 5. Nc3 {[%emt 0:00:37]} a6 {[%emt 0:00:30]} 6. Be3 {[%emt 0:00:46]} e6 {[%emt 0:00:31]} 7. f3 {[%emt 0:01:01]} b5 {[%emt 0:00:39]} 8. Qd2 {[%emt 0:01:09]} Bb7 {[%emt 0:00:30]} 9. O-O-O {[%emt 0:00:44]} Nbd7 {[%emt 0:00:30]} 10. g4 {[%emt 0:01:15]} Nb6 11. Nb3 {[%emt 0:01:40] B80: Sicilian Scheveningen: 6 g3 and 6 Be3, including English Attack} Nfd7 {[%emt 0:02:51]} 12. Na5 {[%emt 0:01:29]} Rb8 {[%emt 0:06:32]} 13. Nxb7 {[%emt 0:00:34]} Rxb7 {[%emt 0:00:02]} 14. Bf4 {[%emt 0:04:43]} Nc5 $146 {[%emt 0:11:56]} (14... Nc8 15. Kb1 Qc7 16. h4 Ne5 17. Qg2 Nb6 18. Bc1 Nec4 19. Bd3 {1-0 (33) Korneev,O (2561)-Bofill Mas,A (2379) Ortiguera 2003}) 15. Bxd6 {[%emt 0:22:35]} Rd7 {[%emt 0:02:24]} 16. e5 {[%emt 0:02:01]} Nb7 {[%emt 0:01:19]} 17. Ne4 {[%emt 0:01:31]} Nc8 {[%emt 0:01:57] [#]} (17... Bxd6 $14 18. exd6 O-O) 18. Qf4 $2 {[%emt 0:02:19]} (18. Bxf8 $1 $18 Rxd2 19. Rxd2 Rxf8 20. Rxd8+ Kxd8 21. a4) 18... Ncxd6 {[%emt 0:00:32]} 19. exd6 {[%emt 0:00:37]} Bxd6 {[%emt 0:01:21]} 20. Nxd6+ {[%emt 0:00:06]} Rxd6 {[%emt 0:01:40]} 21. Rxd6 {[%emt 0:00:07]} Qxd6 {[%emt 0:00:08]} 22. Qxd6 {[%emt 0:00:04]} Nxd6 {[%emt 0:00:06]} 23. Bd3 {[%emt 0:01:10]} h6 {[%emt 0:01:43]} 24. Rd1 {[%emt 0:00:16]} Ke7 {[%emt 0:00:21]} 25. a4 {[%emt 0:00:58]} Rc8 {[%emt 0:01:53]} 26. axb5 {[%emt 0:00:47]} axb5 {[%emt 0:00:11]} 27. Kd2 {[%emt 0:00:13]} Ra8 {[%emt 0:08:58]} 28. Kc3 {[%emt 0:05:01]} Ra4 {[%emt 0:01:48]} 29. Kb3 {[%emt 0:03:40]} Rf4 {[%emt 0:06:20]} 30. Be2 {[%emt 0:03:35]} Nc4 31. Kc3 {[%emt 0:03:55]} b4+ {[%emt 0:10:05]} 32. Kb3 {[%emt 0:01:12]} Ne5 {[%emt 0:09:08]} 33. Rf1 {[%emt 0:00:42]} Kf6 {[%emt 0:01:17]} 34. h4 {[%emt 0:00:59]} g6 {[%emt 0:01:46]} 35. c3 {[%emt 0:01:50]} bxc3 {[%emt 0:00:31]} 36. Kxc3 {[%emt 0:00:47]} h5 {[%emt 0:00:29]} 37. Rg1 {[%emt 0:02:12]} Nxf3 {[%emt 0:00:36]} 38. g5+ {[%emt 0:02:27]} Ke5 {[%emt 0:00:20]} 39. Bxf3 {[%emt 0:01:33]} Rxf3+ {[%emt 0:00:01]} 40. Kd2 {[%emt 0:01:22]} Rh3 {[%emt 0:01:36]} 41. Rf1 {[%emt 0:00:17]} Rxh4 {[%emt 0:00:14]} 42. Rxf7 {[%emt 0:00:04]} Rg4 {[%emt 0:00:08]} 43. b4 {[%emt 0:01:00]} Rxb4 {[%emt 0:02:12]} 44. Rf6 {[%emt 0:00:08]} Rg4 {[%emt 0:00:08]} 45. Rxg6 {[%emt 0:00:03]} Kf5 {[%emt 0:00:13]} 46. Rf6+ {[%emt 0:00:43]} Ke5 {[%emt 0:00:12]} 47. Rg6 {[%emt 0:00:04]} Kf5 {[%emt 0:04:26]} 48. Rf6+ {[%emt 0:00:07]} Kxg5 {[%emt 0:00:06]} 49. Rxe6 {[%emt 0:00:03]} Kf5 {[%emt 0:01:23]} 50. Rh6 {[%emt 0:00:18]} Kg5 $11 {[%emt 0:00:31]} ({Black should play} 50... Rg5 $17 {...Kg4 is the strong threat.} 51. Ke3 Kg4) 51. Rh8 {[%emt 0:00:37]} Re4 {[%emt 0:00:11]} 52. Kd3 {[%emt 0:00:24]} Re1 {[%emt 0:00:13]} 53. Kd2 {[%emt 0:00:06]} Re6 {[%emt 0:00:04]} 54. Rg8+ {[%emt 0:00:16] [#]} Kf4 $1 {[%emt 0:00:27]} 55. Rh8 {[%emt 0:02:52]} Kg4 {[%emt 0:00:09]} 56. Rg8+ {[%emt 0:00:08]} Kh3 {[%emt 0:00:05]} 57. Rg5 {[%emt 0:00:14]} h4 {[%emt 0:00:08]} 58. Rg8 {[%emt 0:00:29]} Kh2 {[%emt 0:01:07]} 59. Rg4 {[%emt 0:00:09]} h3 {[%emt 0:00:07]} 60. Rg8 {[%emt 0:00:04]} Kh1 {[%emt 0:00:17]} 61. Rg3 {[%emt 0:00:05]} h2 {[%emt 0:00:04]} 62. Rg8 {[%emt 0:00:03]} Re4 {[%emt 0:00:07]} 63. Rg3 {[%emt 0:00:55]} Re6 {[%emt 0:00:47]} 64. Rg5 {[%emt 0:00:24]} Ra6 {[%emt 0:00:23]} 65. Ke2 {[%emt 0:03:35]} Ra1 {[%emt 0:00:27]} 66. Kf2 {[%emt 0:01:11]} Rg1 {[%emt 0:00:06]} 67. Rh5 {[%emt 0:01:15]} Rg7 {[%emt 0:01:03]} 68. Rh8 {[%emt 0:03:22]} Rf7+ {[%emt 0:00:42]} 69. Ke2 {[%emt 0:00:20]} Kg2 {[%emt 0:01:44]} 70. Rg8+ {[%emt 0:00:10]} Kh3 {[%emt 0:00:27]} 71. Rh8+ {[%emt 0:00:03]} Kg3 {[%emt 0:00:04]} 72. Rg8+ {[%emt 0:00:11]} Kh3 {[%emt 0:01:18]} 73. Rh8+ {[%emt 0:00:04]} Kg2 {[%emt 0:00:03]} 74. Rg8+ {[%emt 0:00:05]} Kh1 {[%emt 0:00:05]} 75. Rg6 {[%emt 0:00:14]} Ra7 {[%emt 0:00:10]} 76. Kf2 {[%emt 0:01:31]} Ra1 {[%emt 0:00:04]} 77. Rg5 {[%emt 0:00:41]} Rg1 {[%emt 0:00:06]} 78. Rh5 {[%emt 0:00:48]} Rg8 {[%emt 0:00:10]} 79. Rf5 {[%emt 0:01:19]} Rg4 {[%emt 0:00:28]} 80. Rf3 {[%emt 0:00:26]} Rg2+ {[%emt 0:00:26]} 81. Kf1 {[%emt 0:00:58]} Ra2 {[%emt 0:00:08]} 82. Rf5 {[%emt 0:00:19]} Ra1+ {[%emt 0:00:07]} 83. Kf2 {[%emt 0:00:05]} 1/2-1/2

[Event "FRA-ch Youth 2017"]
[Site "Belfort"]
[Date "2017.04.17"]
[Round "2"]
[White "Ider, Jargalan"]
[Black "Bellahcene, Meriem"]
[Result "0-1"]
[WhiteElo "1559"]
[BlackElo "1919"]
[Annotator "NA RC"]
[PlyCount "103"]
[EventDate "2017.??.??"]
[EventCountry "FRA"]
[SourceTitle "playchess.com"]
[Source "ChessBase"]
[SourceQuality "1"]
[TimeControl "5400+30"]

1. d4 {[%emt 0:01:35]} d5 {[%emt 0:00:21]} 2. c4 {[%emt 0:00:31]} e6 {[%emt 0:00:27]} 3. g3 {[%emt 0:00:19]} c6 {[%emt 0:00:29]} 4. Bg2 {[%emt 0:00:13]} Nf6 {[%emt 0:00:32]} 5. Nf3 {[%emt 0:00:47]} Nbd7 {[%emt 0:00:28]} 6. Nc3 {[%emt 0:01:21]} Be7 {[%emt 0:01:02]} 7. O-O {[%emt 0:01:19]} O-O {[%emt 0:00:57]} 8. Qc2 {[%emt 0:04:25]} b6 {[%emt 0:09:08]} 9. cxd5 {[%emt 0:37:22]} exd5 {[%emt 0:07:50] E07: Closed Catalan: Main Line (5 Nf3 0-0 6 0-0 Nbd7)} (9... cxd5 10. Bf4 a6 11. Rac1 Bb7 12. a4 Rc8 13. Qb3 Rc4 14. Na2 Rxc1 15. Rxc1 Qa8 16. Ne5 Rc8 17. Bg5 Rxc1+ 18. Nxc1 {1-0 (58) Lajthajm,B (2477)-Skare,G (2279) Belgrade 2011}) 10. e4 {[%emt 0:01:47]} dxe4 {[%emt 0:02:49]} 11. Nxe4 {[%emt 0:00:12]} Bb7 {[%emt 0:00:49]} 12. Ne5 $146 {[%emt 0:04:09]} (12. Rd1 Re8 13. Ne5 Nxe4 14. Bxe4 Nxe5 15. dxe5 Qc7 16. Bxh7+ Kh8 17. Bf4 {1-0 (48) Hernandez,A-Tommasini,E (2154) Kaunas 2011}) 12... Nxe5 {[%emt 0:16:14]} 13. dxe5 {[%emt 0:00:11]} Nd5 {[%emt 0:17:05]} 14. b3 {[%emt 0:05:58]} Nb4 {[%emt 0:03:33]} 15. Qc3 {[%emt 0:06:57]} Ba6 {[%emt 0:05:34]} 16. Re1 {[%emt 0:04:01]} Qd3 {[%emt 0:02:28]} 17. Ba3 {[%emt 0:08:08]} Qxc3 $1 {[%emt 0:04:40]} 18. Nxc3 {[%emt 0:00:11]} Rac8 {[%emt 0:00:34]} 19. Rad1 {[%emt 0:05:32]} Rfe8 {[%emt 0:02:17]} 20. Bxb4 {[%emt 0:06:05]} Bxb4 {[%emt 0:00:04]} 21. Re3 {[%emt 0:00:25]} h6 {[%emt 0:03:11]} 22. Bf1 {[%emt 0:00:50]} Bxf1 {[%emt 0:01:11]} 23. Kxf1 {[%emt 0:00:05]} Rcd8 {[%emt 0:03:03]} 24. Rxd8 {[%emt 0:01:29]} Rxd8 {[%emt 0:00:04]} 25. Ke2 {[%emt 0:00:36]} Bc5 {[%emt 0:03:31]} 26. Rf3 {[%emt 0:02:53]} Re8 {[%emt 0:01:37]} 27. Rd3 {[%emt 0:03:22]} Rxe5+ {[%emt 0:00:30]} 28. Kf1 {[%emt 0:00:32]} g5 {[%emt 0:03:03]} 29. Rd7 {[%emt 0:00:34]} a5 {[%emt 0:00:43]} 30. Rc7 {[%emt 0:01:13]} Re6 {[%emt 0:00:30]} 31. Na4 {[%emt 0:00:26]} Bd4 {[%emt 0:00:55]} 32. Rd7 {[%emt 0:01:12]} c5 {[%emt 0:01:10]} 33. Rb7 {[%emt 0:00:37]} Rf6 $17 {[%emt 0:00:20]} 34. h3 {[%emt 0:00:35]} Rxf2+ {[%emt 0:00:30]} 35. Ke1 {[%emt 0:00:08]} Rxa2 {[%emt 0:02:17]} 36. Nxb6 {[%emt 0:00:20]} Bf2+ {[%emt 0:00:43]} 37. Kf1 {[%emt 0:00:35]} Bxg3 {[%emt 0:00:26]} 38. Nc4 {[%emt 0:00:30]} a4 {[%emt 0:02:14]} 39. bxa4 {[%emt 0:00:12]} Rxa4 {[%emt 0:00:11]} 40. Nd2 {[%emt 0:00:27]} Bf4 {[%emt 0:01:21]} 41. Nb3 {[%emt 0:00:43]} c4 {[%emt 0:01:03]} 42. Nc5 {[%emt 0:00:50]} Ra2 {[%emt 0:01:01]} 43. Ne4 {[%emt 0:00:25]} Ra3 {[%emt 0:01:59]} 44. Nf6+ {[%emt 0:01:01]} Kg7 {[%emt 0:00:10]} 45. Nh5+ {[%emt 0:00:44]} Kg6 {[%emt 0:00:16]} 46. Nxf4+ {[%emt 0:00:05]} gxf4 {[%emt 0:00:05]} 47. Kg2 {[%emt 0:00:26]} Rg3+ {[%emt 0:00:39]} 48. Kh2 {[%emt 0:00:11]} c3 {[%emt 0:00:24]} 49. Rc7 {[%emt 0:00:06]} h5 {[%emt 0:00:38]} 50. h4 {[%emt 0:00:28]} Rd3 {[%emt 0:00:45]} 51. Rc4 {[%emt 0:00:44]} Kf5 {[%emt 0:00:34]} 52. Kg2 {[%emt 0:00:12]} 0-1

[Event "FRA-ch Youth 2017"]
[Site "Belfort"]
[Date "2017.04.17"]
[Round "2"]
[White "Herreman-Boutot, Louise"]
[Black "Djidjeli, Sarah"]
[Result "0-1"]
[WhiteElo "1472"]
[BlackElo "1934"]
[Annotator "NA RC"]
[PlyCount "52"]
[EventDate "2017.??.??"]
[EventCountry "FRA"]
[SourceTitle "playchess.com"]
[Source "ChessBase"]
[SourceQuality "1"]
[TimeControl "5400+30"]

1. e4 c5 {[%emt 0:26:56]} 2. c3 d5 {[%emt 0:00:30]} 3. exd5 Qxd5 {[%emt 0:00:30]} 4. d4 Nc6 {[%emt 0:00:30]} 5. Nf3 Bf5 {[%emt 0:00:30] B22: Sicilian: 2 c3} 6. Bd3 (6. Be3 Nf6 7. Qb3 cxd4 8. Nxd4 Nxd4 9. Bxd4 a6 10. Nd2 e6 11. Be2 O-O-O 12. Nc4 Bc5 13. O-O Be4 14. Rfd1 {1-0 (32) Jones,G (2676)-Pichot,A (2556) Sharjah 2017}) 6... Bxd3 {[%emt 0:00:30]} 7. Qxd3 O-O-O {[%emt 0:00:30]} 8. Be3 $146 (8. O-O cxd4 9. cxd4 Nxd4 10. Nxd4 Qxd4 11. Qc2+ Kb8 12. Be3 Qb4 13. Rc1 {1-0 (24) Belo,M (1850)-Rego,P (2245) Lisbon 2013}) 8... c4 {[%emt 0:00:30]} 9. Qc2 {[%emt 0:24:48]} Nf6 {[%emt 0:00:30]} 10. Nbd2 {[%emt 0:00:30]} Nd7 {[%emt 0:00:30]} 11. b4 {[%emt 0:00:30]} ({Better is} 11. O-O) 11... e5 {[%emt 0:00:30]} (11... h6 $14) 12. Qe4 {[%emt 0:00:30]} Qxe4 {[%emt 0:00:30]} 13. Nxe4 {[%emt 0:00:30]} exd4 {[%emt 0:00:30]} 14. Nxd4 {[%emt 0:18:22]} Nxd4 {[%emt 0:10:23]} 15. Bxd4 {[%emt 0:00:44]} (15. cxd4 $142 Bxb4+ 16. Ke2) 15... Re8 {[%emt 0:00:10]} 16. f3 {[%emt 0:04:11]} f5 {[%emt 0:00:16]} 17. O-O {[%emt 0:00:14]} fxe4 {[%emt 0:00:14]} 18. Rae1 {[%emt 0:00:54]} e3 {[%emt 0:01:29]} 19. Bxe3 {[%emt 0:02:14]} Bd6 {[%emt 0:00:19]} 20. f4 {[%emt 0:03:38]} Rhf8 {[%emt 0:02:54]} 21. g3 {[%emt 0:02:33]} Bc7 {[%emt 0:01:49]} 22. Kg2 {[%emt 0:06:07]} Bb6 {[%emt 0:01:19]} 23. Rf3 $19 {[%emt 0:03:20]} Nf6 {[%emt 0:01:28]} 24. Bc5 {[%emt 0:06:27]} Bxc5 {[%emt 0:02:14]} 25. Rxe8+ {[%emt 0:00:06]} Rxe8 {[%emt 0:00:07]} 26. bxc5 {[%emt 0:00:05]} Re2+ {[%emt 0:00:18]} 0-1